Memòria de l'Associació d'Arxivers de Catalunya de l'any 1998
Descripción Física:
17 f. ; 30 cm
MARC
| LEADER | 00000nam a2200000Ia 4500 | ||
|---|---|---|---|
| 001 | 12315 | ||
| 008 | 160829s1999 xx 000 0 cat d | ||
| 080 | |a FU-28-24 | ||
| 110 | 2 | |a Associació d'Arxivers de Catalunya |9 52966 | |
| 245 | |a Memòria de l'Associació d'Arxivers de Catalunya de l'any 1998 | ||
| 260 | |a Barcelona : |b Associació d'Arxivers de Catalunya, |c 1999 | ||
| 300 | |a 17 f. ; |c 30 cm | ||
| 610 | 2 | 0 | |a Associació d'Arxivers de Catalunya |v Revistes |9 55512 |
| 901 | |a Arxiu | ||
| 942 | |n 1 | ||
| 952 | |0 0 |1 0 |4 0 |6 FU2824 |7 1 |9 42967 |a Arxiu |b Arxiu |d 2016-12-01 |l 0 |o FU-28-24 |p 12315 |r 2016-12-01 00:00:00 |w 2016-12-01 |y ARXIU | ||
| 999 | |c 45510 |d 45510 | ||